Brief Answers to Big Questions (Record no. 12169)

MARC details
000 -LEADER
fixed length control field 00265nam a22000977a 4500
008 - FIXED-LENGTH DATA ELEMENTS--GENERAL INFORMATION
fixed length control field 221205b |||||||| |||| 00| 0 eng d
020 ## - INTERNATIONAL STANDARD BOOK NUMBER
International Standard Book Number 9781473695993
100 ## - MAIN ENTRY--PERSONAL NAME
Personal name Hawking Stephen
9 (RLIN) 7638
245 ## - TITLE STATEMENT
Title Brief Answers to Big Questions
260 ## - PUBLICATION, DISTRIBUTION, ETC. (IMPRINT)
Place of publication, distribution, etc. London
Name of publisher, distributor, etc. John Murray
Date of publication, distribution, etc. 2020
Holdings
Withdrawn status Lost status Source of classification or shelving scheme Damaged status Koha normalized classification for sorting Not for loan Home library Current library Shelving location Date acquired Total Checkouts Total Renewals Full call number Barcode Date last seen Date last checked out Price effective from Koha item type
    Dewey Decimal Classification   HAW_500_000000000000000   Good Samaritan School Library Good Samaritan School Library Science 12/05/2022 10 1 HAW500 HAW17393 11/06/2025 10/22/2025 12/05/2022 BOOK

Powered by Koha